Satellite Communication (Record no. 67133)

MARC details
000 -LEADER
fixed length control field 00180nam a22000977a 4500
082 ## - DEWEY DECIMAL CLASSIFICATION NUMBER
Classification number ROD
100 ## - MAIN ENTRY--AUTHOR NAME
Personal name D.Roddy
245 ## - TITLE STATEMENT
Title Satellite Communication
300 ## - PHYSICAL DESCRIPTION
Number of Pages 569p
942 ## - ADDED ENTRY ELEMENTS (KOHA)
Koha item type Books
Holdings
Withdrawn status Lost status Home library Current library Date acquired Full call number Accession Number Koha item type
    Central Library, QUEST, Nawabshah Central Library, QUEST, Nawabshah 09/08/2021 ROD D2043 Books